000 00278nam a22001217a 4500
008 210302b ||||| |||| 00| 0 eng d
041 _aeng
080 _a94
100 _a16
101 _aSHH
245 _aEurope in Upheaval:The Revolutions of 1848
_cFasel,G
942 _2udc
_cBK
999 _c55539
_d55539